Destination of planes flying out of Rochester - Statistics

General Stats
  • This quiz has been taken 17 times
  • The average score is 21 of 27
Answer Stats
Hint Answer % Correct
FL Miami
100%
NY New York
100%
NY New York
100%
GE Atlanta
94%
MD Baltimore
94%
MA Boston
94%
IL Chicago
94%
IL Chicago
94%
MI Detroit
94%
FL Orlando
94%
PA Philadelphia
94%
DC Washington
94%
DC Washington
94%
NC Charlotte
88%
FL Tampa
88%
SC Charleston
82%
TN Nashville
82%
NJ Newark
82%
NC Raleigh
82%
FL Fort Lauderdale
76%
NV Las Vegas
76%
FL Fort Myers
59%
DE Wilmington
53%
SC Myrtle Beach
47%
NH Concord
41%
FL Punta Gorda
24%
FL Lakewood
6%
No matching quizzes found
Score Distribution
Percent of People with Each Score
Percentile by Number Answered
Your Score History
You have not taken this quiz